Statistics for Matt Damon Filmography

Click here to take the quiz!

General Stats

  • This quiz has been taken 656 times
    (18 since last reset)
  • The average score is 38 of 146

Answer Stats

TypeYearName% Correct
Film1997Good Will Hunting
94%
Film1998Saving Private Ryan
94%
Film2015The Martian
94%
Film2014Interstellar
88%
Film2016Jason Bourne
88%
Film2001Ocean's Eleven
81%
Film2007Ocean's Thirteen
81%
Film2004Ocean's Twelve
81%
Film2023Air
75%
Film2023Oppenheimer
75%
Film2004The Bourne Supremacy
75%
Film1999Dogma
69%
Film2002The Bourne Identity
69%
Film2007The Bourne Ultimatum
69%
Film2006The Departed
69%
Film1999The Talented Mr. Ripley
69%
Film2017Thor: Ragnarok
69%
Film2017Downsizing
63%
Film2019Ford v Ferrari
63%
Film2009Invictus
56%
TV Show2001, 2002, 2011, 2018Saturday Night Live
50%
Film2022Thor: Love and Thunder
50%
Film2011We Bought a Zoo
50%
Film1997Chasing Amy
44%
Film2018Deadpool 2
44%
Film2013Elysium
44%
Film2001Jay and Silent Bob Strike Back
44%
Film2003Stuck on You
44%
Film2021The Last Duel
44%
Film2010True Grit
44%
Film2010Green Zone
38%
Film2010Hereafter
38%
Film2019Jay and Silent Bob Reboot
38%
Film1998Rounders
38%
Film2006The Good Shepherd
38%
Film2016The Great Wall
38%
Film2009The Informant!
38%
Film2014The Monuments Men
38%
Film1997The Rainmaker
38%
Film1996Courage Under Fire
31%
Film2024Drive-Away Dolls
31%
Film2002Gerry
31%
Film2004Jersey Girl
31%
Production2016Manchester by the Sea
31%
Film1988Mystic Pizza
31%
Film2002Spirit: Stallion of the Cimarron
31%
Film2021Stillwater
31%
Film2017Suburbicon
31%
Film2005Syriana
31%
Film2011The Adjustment Bureau
31%
Film2005The Brothers Grimm
31%
Film2000The Legend of Bagger Vance
31%
Film2000All the Pretty Horses
25%
Film2008Che
25%
Film2002Confessions of a Dangerous Mind
25%
Film2011Contagion
25%
Commercial2024Dunkin'
25%
TV Show2009Entourage
25%
Film2004EuroTrip
25%
Film1993Geronimo: An American Legend
25%
Film2024IF
25%
Film2012Promised Land
25%
Film1992School Ties
25%
Film2000Titan A.E.
25%
TV Show2010-201130 Rock
19%
Film1989Field of Dreams
19%
Film2000Finding Forrester
19%
Film1996Glory Daze
19%
Film2011Happy Feet Two
19%
Film2008Ponyo
19%
Documentary Series2001-2005, 2015Project Greenlight
19%
Film2013The Zero Theorem
19%
Film2018Unsane
19%
Film2007Youth Without Youth
19%
ProductionTBAApostle Paul
13%
TV Show2007Arthur
13%
TV Film2013Behind the Candelbra
13%
Documentary2017BOSTON: An American Running Story
13%
Documentary2010Inside Job
13%
TV Show2005Law & Order: Criminal Intent
13%
Film2011Margaret
13%
Commercial2013Nespresso
13%
Film2021No Sudden Move
13%
Production2002Push, Nevada
13%
ProductionTBASmall Things Like These
13%
TV Show2002The Bernie Mac Show
13%
Film2001The Majestic
13%
Film2002The Third Wheel
13%
TV Show2002Will & Grace
13%
Documentary2011American Teacher
6%
FilmTBAAnimals
6%
Short Film2015Ares III: Farewell
6%
Short Film2015Ares III: The Right Stuff
6%
Documentary2016Backpack Full of Cash
6%
Commercial2018Bank of America
6%
Documentary2017Bending the Arc
6%
Production2019-2022City on a Hill
6%
Commercial2021Crypto.com
6%
TV Show2009Cubed
6%
Documentary2016Dispatches from the Gulf
6%
TV Documentary2017Dispatches from the Gulf 2: Research*Innovation*Discovery
6%
TV Documentary2019Dispatches from the Gulf 3: Ten Years After Deepwater Horizon
6%
Documentary2014Extreme Realities: The Link Between Severe Weather, Climate Change, and Our National Security
6%
Film2005Feast
6%
ProductionTBAFlash Before the Bang
6%
Production2023For People in Trouble
6%
Production2022Green Beret's Guide to Surviving the Apocalypse
6%
ProductionTBAGreen Beret's Guide to Surviving the Apocaylpse
6%
TV Special2010Hollywood Salutes Matt Damon: An American Cinematheque Tribute
6%
TV Show2013House of Lies
6%
Documentary2004Howard Zinn: You Can't Be Neutral on a Moving Train
6%
Commercial1998IFC
6%
Production2016Incorporated
6%
TV Documentary2012Inside Fenway Park: An Icon at 100
6%
Documentary Series2019Jay Leno's Garage
6%
TV Show2023Jeopardy!
6%
Documentary Series2003-2014Journey to Planet Earth
6%
Production2023Kiss the Future
6%
Short Documentary2005Magnificent Desolation: Walking on the Moon 3D
6%
TV Documentary2017Matt Damon: Real Life
6%
Commercial1997MTV
6%
Commercial2015Nationwide
6%
Documentary2011Plan B
6%
TV Show2003Reel Comedy
6%
TV Film1990Rising Son
6%
Documentary2007Running the Sahara
6%
Film2002Speakeasy
6%
Commercial2019Stand Up 2 Cancer
6%
Commercial2017, 2018Stella Artois
6%
Film2002Stolen Summer
6%
Commercial2012-2013TD Ameritrade
6%
Film2003The Battle of Shaker Heights
6%
Short Documentary2018The Dolphins of Barataria Bay
6%
Film1988The Good Mother
6%
TV Film1995The Good Old Boys
6%
FilmTBAThe Instigators
6%
Production2015The Leisure Class
6%
Documentary2014The Man Who Saved the World
6%
TV Documentary2009The People Speak
6%
Production2016The Runner
6%
ProductionTBAThirst
6%
Theater2002, 2023This Is Our Youth
6%
ProductionTBAUnstoppable: The Anthony Robles Story
6%
ProductionTBAWitness for the Prosecution
6%
Documentary Series2011Women, War & Peace
6%
Documentary Series2014Years of Living Dangerously
6%

Score Distribution

Percentile by Number Answered

Percent of People with Each Score

Your Score History

You have not taken this quiz since the last reset